00530nam a2200193 a 4500001001300000003000900013005001700022008004100039020001000080082001900090100002800109245003800137260004400175300000900219500003500228505002400263650002100287700002800308nice12345678IN_TiNIC20260116013432.0050524s1990 bana grp 000 0 urd  ac12500a297.1228bNAD5 aNadwi, Mohd Shahabuddin aQuran-E-Hakeem Awr Ilm-I-Nabataat aBangalorebFurqania Academy Trustc1990 a442p aincludes index and biblioraphy2 aIndex, Bibliography aQuran and Botany1 aNadwi, Mohd Shahabuddin